[Event "XIX Sants Open 2017"]
[Site "Cotxeres de Sants"]
[Date "2017.08.23"]
[Round "6"]
[White "Oparin, Grigoriy"]
[Black "Rizouk, Aimen"]
[Result "1/2-1/2"]
[WhiteElo "2609"]
[BlackElo "2433"]
[Annotator "TA"]
[PlyCount "97"]
[EventDate "2017.??.??"]
[EventType "swiss"]
[EventCountry "ESP"]
[SourceTitle "playchess.com"]
[Source "ChessBase"]
[SourceQuality "1"]

{[%evp 22,97,-49,-77,-14,-62,-20,-24,-22,-30,-20,-27,-15,-21,-33,-68,-69,-78,-62,-72,-54,-72,-49,-119,-82,-90,-93,-97,-107,-108,-114,-177,-188,-193,-204,-214,-204,-214,-204,-260,-245,-246,-247,-236,-175,-670,-672,-669,-625,-623,-637,-680,-677,-624,0,0,0,0,0,0,0,0,0,0,0,0,0,0,0,0,0,0,0,0,0,0,0,0]} 1. Nf3 Nf6 2. g3 d5 3. Bg2 e6 4. O-O Be7 5. d3 c5 6. Nbd2 Nc6 7. e4 {[%cal Be2e4,Be4e5][%mdl 32]} b6 8. Re1 Bb7 9. e5 Nd7 10. Nf1 Qc7 11. Bf4 h6 12. h4 {[#] LiveBook: 19 Games. C00: French: Unusual White 2nd moves} b5 $146 (12... O-O-O $1 $17) ({Predecessor:} 12... O-O-O 13. c3 Rdg8 14. d4 g5 15. hxg5 hxg5 16. Be3 cxd4 17. cxd4 Kb8 18. a3 Qd8 19. b4 Qf8 20. Rc1 Qh6 21. Qa4 {1-0 (53) Kozul,Z (2613)-Kosteniuk,A (2555) Tallinn 2016}) 13. a4 bxa4 14. Rxa4 a5 15. Ne3 Nb6 16. Ra1 a4 17. h5 d4 $36 {[%mdl 2048] Black fights for an advantage.} 18. Ng4 Nb4 19. Bd2 Qd7 20. Qb1 Ra6 21. Rd1 Nc6 {[%cal Bb4c6,Bc6a5,Ba5b3][%mdl 32]} 22. c3 (22. Re1 $15) 22... dxc3 23. bxc3 Na5 24. c4 {Black must now prevent Bxa5.} Nb3 25. Ra3 O-O 26. Be3 {[#]} (26. Bf4 $17) 26... Rd8 $1 $19 27. Qc2 Nd4 28. Bxd4 cxd4 29. Ra2 a3 {Hoping for ...Na4.} 30. Nd2 Bxg2 31. Kxg2 Na4 32. Ne4 Rb8 33. c5 $2 {[#]} (33. Rxa3 f5 34. Rda1 fxe4 35. Rxa4 exd3 36. Qd1 Qc6+ 37. f3 Rxa4 38. Qxa4 Qxa4 39. Rxa4) 33... Nc3 $1 {[%mdl 512]} 34. Rda1 (34. Nxc3 dxc3) 34... Nxa2 35. Rxa2 Qd5 36. Kh2 Qb3 {Strongly threatening ...Qxc2.} 37. Qd2 Qb2 $2 ({Better is} 37... Rb5 $19 38. Qe2 Qb1 39. Nef6+ Bxf6 40. exf6 Rxc5) 38. Rxb2 $11 {The position is equal.} axb2 39. Nxh6+ $1 Kh7 ({Stronger than} 39... gxh6 40. Qxh6 b1=Q 41. Nf6+ Bxf6 42. exf6 Qg1+ 43. Kxg1 Ra1+ 44. Kg2 Rg1+ 45. Kf3 Rxg3+ 46. fxg3 Rf8 47. Qg7#) 40. Qf4 $1 {[%cal Rf4f7]} b1=Q 41. Qxf7 {Intending Qg6+ and mate.} Ra1 {[%csl Ga1][%cal Rb1h1]} 42. Kh3 {And now Qg6+ would win.} Qf1+ 43. Kg4 {White threatens Qg6+ and mate.} Qe2+ $1 44. f3 {White wants to mate with Qg6+.} Rf1 45. Qg6+ Kh8 46. Nf7+ Kg8 47. Nh6+ Kh8 48. Nf7+ Kg8 49. Nh6+ {Precision: White = 60%, Black = 76%.} 1/2-1/2

[Event "XIX Sants Open 2017"]
[Site "Cotxeres de Sants"]
[Date "2017.08.23"]
[Round "6"]
[White "Vocaturo, Daniele"]
[Black "Cruz, Jonathan"]
[Result "1-0"]
[WhiteElo "2596"]
[BlackElo "2424"]
[Annotator "TA"]
[PlyCount "107"]
[EventDate "2017.??.??"]
[EventType "swiss"]
[EventCountry "ESP"]
[SourceTitle "playchess.com"]
[Source "ChessBase"]
[SourceQuality "1"]

{[%evp 13,107,33,39,20,23,13,32,20,60,-14,54,56,64,44,47,37,42,32,67,62,93,100,106,101,119,106,110,102,107,110,154,150,241,239,242,245,274,273,292,288,288,288,285,275,279,275,282,277,252,189,189,181,190,190,205,205,209,207,260,253,316,316,288,281,325,321,319,317,311,300,283,274,443,420,449,433,799,782,801,776,800,492,957,879,470,838,1056,1001,977,948,1094,720,29983,29984,29984,29985]} 1. e4 e5 2. Nf3 Nf6 3. Nxe5 d6 4. Nf3 {[%cal Be5f3,Bf3h4,Bh4f5][%mdl 32]} Nxe4 5. Nc3 Nf6 6. d4 Be7 7. h3 {C42: Petroff Defence: 3 Nxe5 and unusual White 3rd moves} (7. Bd3 O-O 8. O-O Re8 9. h3 Nbd7 10. Ne2 d5 11. Ng3 Bf8 12. Re1 Rxe1+ 13. Qxe1 c5 14. c3 cxd4 15. cxd4 Nb6 {0-1 (52) Wei,Y (2709)-Bu,X (2715) Shenzhen 2016}) 7... Bf5 {LiveBook: 11 Games} 8. Nh4 Be6 9. Bd3 {White has an edge.} Nc6 10. Nf5 Bf8 $146 ({Predecessor:} 10... Bxf5 11. Bxf5 g6 12. Bd3 Nxd4 13. Bxg6 hxg6 14. Qxd4 c6 {½-½ (45) Vetoshko,V (2166)-Iakymov,V (2457) Chervonograd 2009}) 11. Qe2 ({White should play} 11. Bg5 $14) 11... d5 (11... g6 $1 $11) 12. Bg5 $14 Qd7 13. Bxf6 gxf6 14. a3 O-O-O 15. Qf3 Bc5 16. O-O-O $36 {[%mdl 2048] White has the initiative.} Bb6 17. Ne2 Kb8 18. c3 Na5 19. Ne3 Qe7 20. Nf4 {[%cal Rf4d5]} Qd6 21. Bc2 Ka8 22. Kb1 c5 (22... a6 $16 {keeps fighting.} 23. Rhe1 h6) 23. dxc5 $18 Bxc5 24. Nexd5 Nc4 25. Nxe6 fxe6 {[#]} 26. Ne3 $1 ({Stronger than} 26. Nxf6 Qb6 $11) 26... Qa6 ({Don't go for} 26... Nd2+ $2 {[#]} 27. Rxd2 $1 {[%mdl 512]} Qxd2 28. Rd1 $18) 27. Nxc4 ({And not} 27. Qxf6 Rdf8 $11) 27... Qxc4 28. Rxd8+ Rxd8 29. Qxf6 {[%cal Rf6d8]} Rf8 30. Rd1 {White wants to mate with Rd8+.} a6 31. Rd8+ Rxd8 32. Qxd8+ Ka7 33. Qd1 h6 34. f3 e5 35. Be4 Qb5 36. Qd5 Bf2 37. Qxb5 axb5 {[%mdl 4096] Endgame KB-KB} 38. g4 Bh4 39. Bg6 Kb6 40. Kc2 Kc5 41. Kd3 Bg5 42. Be8 b4 $2 (42... Bc1 43. b4+ Kd6 44. Bxb5 Bxa3) 43. cxb4+ Kd6 44. a4 {[%cal Ba3a4,Ba4a5,Ba5a6][%mdl 32]} Bc1 (44... e4+ $142 45. Kxe4 Bf6) 45. b3 Bg5 46. Kc4 Bh4 47. Bg6 Be1 (47... Kc6 $142 48. b5+ Kb6) 48. Be4 Kc7 49. a5 Kb8 50. Kb5 Kc7 51. Ka4 b6 52. a6 {Strongly threatening a7.} b5+ 53. Kxb5 Bf2 {[#]} 54. h4 $1 {Precision: White = 83%, Black = 18%.} 1-0

[Event "XIX Sants Open 2017"]
[Site "Cotxeres de Sants"]
[Date "2017.08.23"]
[Round "6"]
[White "Tari, Aryan"]
[Black "Suarez Uriel, Adrian"]
[Result "0-1"]
[WhiteElo "2591"]
[BlackElo "2406"]
[Annotator "TA"]
[PlyCount "58"]
[EventDate "2017.??.??"]
[EventType "swiss"]
[EventCountry "ESP"]
[SourceTitle "playchess.com"]
[Source "ChessBase"]
[SourceQuality "1"]

{[%evp 18,58,35,44,22,21,28,42,32,29,31,40,50,55,66,-2,0,0,-4,-56,-54,-71,-75,-56,-18,-12,-18,-18,-16,-59,-65,-93,-76,-99,-100,-215,-230,-692,-677,-29991,-29992,-29996,-5358]} 1. d4 Nf6 2. c4 g6 3. Nc3 d5 4. Bg5 Ne4 5. Bh4 Nxc3 6. bxc3 dxc4 7. e3 Be6 8. Be2 {D80: Grünfeld: Unusual White 4th moves and 4 Bg5} (8. Qb1 b6 9. Nh3 Bh6 10. Bg5 Bxg5 11. Nxg5 Qd5 12. Nxe6 Qxe6 13. Qb4 Qd5 14. Qxc4 Qxc4 15. Bxc4 e6 {1-0 (67) Nakamura,H (2785)-Giri,A (2771) Stavanger 2017}) 8... Bg7 9. Nh3 c5 10. Nf4 {LiveBook: 3 Games. White is slightly better.} Bf5 11. Qa4+ $146 ({Predecessor:} 11. Bxc4 cxd4 12. Qb3 O-O 13. Qxb7 Nd7 14. exd4 Qc8 15. Qxc8 Raxc8 {1-0 (36) Iljushin,A (2531)-Fedotov,N (2140) Samara 2015}) 11... Nc6 12. O-O cxd4 13. cxd4 O-O 14. Bxc4 a6 {Hoping for ...b5.} 15. Bd5 Qd6 16. Rac1 (16. Bxc6 $1 $14 bxc6 17. Rac1) 16... Bd7 17. Qb3 e6 $36 {[%mdl 2048] Black has the initiative.} 18. Bf3 (18. Bxc6 $1 $11 Bxc6 19. Bg3) 18... Nxd4 $1 $15 19. exd4 {Strongly threatening Ne2.} Qxf4 20. Be7 Rfc8 ({Of course not} 20... Bxd4 21. g3 $11) 21. Rxc8+ Rxc8 22. Qxb7 Qc7 {Threatens to win with ...Bb5.} 23. Qxa6 Bxd4 24. g3 Qb8 {And now ...Bb5 would win.} 25. Qd3 e5 {...Rc3 is the strong threat.} 26. Rb1 (26. Bd5 $17) 26... Qa7 $19 27. Rb7 $2 (27. Qd2 Bf5 28. Rb7 Bxf2+ 29. Kg2 (29. Qxf2 $2 Rc1+ 30. Kg2 Bh3+ 31. Kxh3 Qxf2 $19)) 27... Qxa2 28. Qf1 {[#]} Bh3 $1 {[%mdl 512]} 29. Bg2 {[#]} (29. Qxh3 Qxf2+) 29... Bxg2 {Precision: White = 35%, Black = 61%.} (29... Qxf2+ $142 $1 {[%mdl 512]} 30. Kh1 (30. Qxf2 Rc1+) 30... Bxg2+ 31. Qxg2 Qe1+ 32. Qg1 Qxg1#) 0-1

[Event "XIX Sants Open 2017"]
[Site "Cotxeres de Sants"]
[Date "2017.08.23"]
[Round "6"]
[White "Svetushkin, Dmitry"]
[Black "Jumabayev, Rinat"]
[Result "0-1"]
[WhiteElo "2558"]
[BlackElo "2610"]
[Annotator "TA"]
[PlyCount "74"]
[EventDate "2017.??.??"]
[EventType "swiss"]
[EventCountry "ESP"]
[SourceTitle "playchess.com"]
[Source "ChessBase"]
[SourceQuality "1"]

{[%evp 18,74,31,21,38,35,43,29,50,37,40,33,52,37,40,26,179,175,253,0,0,0,14,0,0,0,0,0,0,0,0,0,4,0,0,0,0,-22,-22,-22,-19,-18,-29,-39,-39,-47,-44,-111,-113,-228,-217,-210,-202,-266,-254,-293,-277,-464,-454]} 1. e4 c5 2. Nf3 d6 3. Bb5+ Nd7 4. c3 Ngf6 5. Bd3 a6 6. Bc2 {B51: Sicilian: Moscow Variation (3 Bb5+) without 3...Bd7} b5 7. d4 e6 8. O-O Bb7 9. Re1 Be7 10. Nbd2 {LiveBook: 18 Games} Qb6 $146 ({Find the theoretical novelty and annotate with similar games:} 10... Qc7 11. Nf1 O-O 12. Ng3 Rfe8 {0-1 (63) Hou,Y (2629)-Vachier Lagrave,M (2766) Biel 2014}) 11. e5 Nd5 12. Ne4 dxe5 13. dxe5 h6 14. a4 Rd8 15. Qe2 c4 16. Nd4 Nxe5 $2 (16... Kf8 $1 $11 {and Black is okay.}) 17. Qh5 $18 {And now a5 would win.} Nd7 {[#]} (17... Nc6 $142) 18. a5 $2 (18. Ng5 $1 $18 {[%csl Gg5][%cal Rh5f7][%mdl 512]} g6 {[#]} (18... Bxg5 19. Rxe6+) 19. Bxg6 $1 {[%mdl 512]}) 18... N5f6 $11 19. Nxf6+ Nxf6 20. axb6 Nxh5 {[#]} 21. Nxe6 $1 {[%mdl 512]} fxe6 22. Bg6+ Kd7 {...Nf6 is the strong threat.} 23. Bxh5 Bc5 24. Bg4 Rde8 25. Bh5 Ra8 (25... Ref8 $5 {[%cal Rf8f2]} 26. Be3 Bxe3 27. Rxe3 Rf6 $11) 26. Bf4 {aiming for Bg4.} Rhf8 $36 {[%mdl 2048] Black is pushing.} 27. Rad1+ Ke7 28. Bg3 Rad8 29. Rxd8 Rxd8 30. Bg4 Bd5 31. Bc7 {Hoping for Bxe6!} Rf8 32. Re2 (32. Bf3 $1 $15) 32... Bd6 $17 33. f4 (33. g3 $17) 33... Bxf4 $19 34. Bxf4 Rxf4 35. Bh5 Kd6 36. Re3 Kc6 37. Bf3 $2 (37. b7 Kxb7 38. Bf3) 37... Bxf3 {Precision: White = 46%, Black = 63%.} 0-1

[Event "XIX Sants Open 2017"]
[Site "Cotxeres de Sants"]
[Date "2017.08.23"]
[Round "6"]
[White "Krysa, Leandro"]
[Black "Mihajlov, Sebastian"]
[Result "1-0"]
[WhiteElo "2537"]
[BlackElo "2399"]
[Annotator "TA"]
[PlyCount "87"]
[EventDate "2017.??.??"]
[EventType "swiss"]
[EventCountry "ESP"]
[SourceTitle "playchess.com"]
[Source "ChessBase"]
[SourceQuality "1"]

{[%evp 22,87,44,35,58,60,55,28,52,65,55,58,52,55,68,61,69,66,69,70,81,78,87,85,89,95,137,139,143,150,150,150,146,140,145,133,115,43,43,43,35,38,45,37,196,201,215,209,234,196,261,226,362,360,441,460,396,407,618,597,621,621,610,590,576,554,644,567]} 1. Nf3 Nf6 2. g3 g6 3. Bg2 Bg7 4. d4 O-O 5. c4 d6 6. O-O Nc6 7. Nc3 Bf5 8. Ne1 Qc8 9. e4 Bh3 10. Nc2 a6 {E62: King's Indian: Fianchetto: 6...c6 and Panno Variation (6...Nc6) without ...a6} 11. f3 Bxg2 12. Kxg2 {LiveBook: 6 Games} Na5 {White is slightly better.} 13. b3 $146 ({Find the theoretical novelty and annotate with similar games:} 13. Qe2 c5 14. dxc5 Qxc5 15. b3 Rfc8 16. Bd2 Qc7 17. Rac1 Nc6 18. Rfd1 {1-0 (34) Banusz,T (2596)-Reich,T (2386) Germany 2014}) 13... c5 14. Be3 cxd4 15. Nxd4 ({But not} 15. Qxd4 b5 $15) 15... Nc6 16. Rc1 Nxd4 17. Bxd4 Qd8 18. Qd2 Rc8 19. Rf2 e6 20. Rd1 Rc6 21. Qb2 Qc8 22. Rfd2 e5 23. Be3 b5 24. Rxd6 bxc4 25. b4 Rxd6 26. Rxd6 Rd8 27. Rxd8+ Qxd8 28. a4 Qd3 29. Kf2 (29. Qd2 $16 {Qxd3 is the strong threat.} Qxd2+ 30. Bxd2) 29... Bf8 $14 30. b5 axb5 31. axb5 Nd7 32. Qd2 f5 $2 {[#]} (32... Qxd2+ $14 33. Bxd2 Bc5+ 34. Ke2 f5) 33. Qxd3 $18 cxd3 {[%mdl 4096] Endgame KBN-KBN} 34. Ke1 Kf7 35. Kd2 Ke6 (35... Bc5 {might work better.} 36. exf5 (36. Kxd3 Bxe3 37. Kxe3 Nc5 $16) 36... gxf5 37. Kxd3 Bxe3) 36. Kxd3 Bb4 (36... Nc5+ {was necessary.} 37. Bxc5 Bxc5) 37. Nd5 Ba5 38. Kc4 Kd6 39. Bc1 fxe4 (39... Ke6 $142 40. Ba3 Bd8) 40. fxe4 {White is clearly winning.} Bb6 41. Ba3+ Bc5 42. Bxc5+ Nxc5 43. Nf6 {[#] Threatens to win with Ne8+.} Ne6 44. Nxh7 {Precision: White = 83%, Black = 41%.} 1-0

[Event "XIX Sants Open 2017"]
[Site "Cotxeres de Sants"]
[Date "2017.08.23"]
[Round "6"]
[White "Ferreira, Jorge Viterbo"]
[Black "Pfreundt, Jakob"]
[Result "1/2-1/2"]
[WhiteElo "2499"]
[BlackElo "2388"]
[Annotator "TA"]
[PlyCount "58"]
[EventDate "2017.??.??"]
[EventType "swiss"]
[EventCountry "ESP"]
[SourceTitle "playchess.com"]
[Source "ChessBase"]
[SourceQuality "1"]

{[%evp 21,58,9,19,0,-4,-19,18,0,18,0,0,0,0,0,11,16,15,14,9,8,10,0,39,30,106,0,0,0,0,0,0,0,0,0,0,0,0,0,0]} 1. e4 e5 2. Nf3 Nc6 3. Bc4 Bc5 4. O-O Nf6 5. d3 O-O 6. h3 h6 7. c3 d6 8. Bb3 Re8 {C54: Giuoco Piano: 4 c3 Nf6, main lines with 5 d4 and 5 d3} 9. Re1 a6 10. Nbd2 Be6 11. Bxe6 (11. Nf1 Bxb3 12. Qxb3 d5 13. Be3 Bf8 14. Rad1 Na5 15. Qc2 {0-1 (43) So,W (2812)-Carlsen,M (2832) Paris 2017}) 11... Rxe6 {LiveBook: 10 Games} 12. Nb3 (12. b4 $5 {[%cal Rb4c5]} Ba7 13. a4 $11) 12... Ba7 13. Be3 $146 ({Predecessor:} 13. Nh4 d5 14. Qe2 Ne7 15. c4 c6 {½-½ (35) Ramnath,B (2408)-Atalik,S (2562) Kuala Lumpur 2014}) 13... Re8 14. Qc2 d5 15. exd5 Qxd5 16. Bxa7 Nxa7 17. Re3 Re6 18. c4 Qd6 19. d4 exd4 $1 20. Rxe6 Qxe6 21. Nbxd4 Qd6 22. Nf5 Qf4 {[#]} (22... Qc5 $11) 23. Re1 (23. Ne7+ $1 $16 Kf8 24. Rd1) 23... Nc6 $11 {The position is equal.} 24. Re3 {aiming for g3.} g6 25. Ne7+ Nxe7 26. Rxe7 Rd8 27. Re1 Qd6 28. Qb3 b6 29. Qc3 c5 {Precision: White = 71%, Black = 51%.} 1/2-1/2

[Event "XIX Sants Open 2017"]
[Site "Cotxeres de Sants"]
[Date "2017.08.23"]
[Round "6"]
[White "Salomon, Johan"]
[Black "Salinas Herrera, Pablo"]
[Result "1/2-1/2"]
[WhiteElo "2488"]
[BlackElo "2411"]
[Annotator "TA"]
[PlyCount "95"]
[EventDate "2017.??.??"]
[EventType "swiss"]
[EventCountry "ESP"]
[SourceTitle "playchess.com"]
[Source "ChessBase"]
[SourceQuality "1"]

{[%evp 9,95,10,14,18,27,16,20,17,17,18,11,18,20,18,18,16,18,18,22,16,26,26,26,26,14,22,56,37,57,52,59,27,41,43,45,26,109,118,99,108,116,105,142,136,169,55,210,114,320,318,354,346,304,109,104,94,79,104,114,72,79,50,422,400,310,383,361,353,327,284,183,8,12,0,0,0,12,-18,-34,-37,0,0,0,0,0,0,0,0]} 1. d4 d5 2. c4 c6 3. Nf3 Nf6 4. g3 Bg4 5. Ne5 Bf5 6. cxd5 {D11: Slav Defence: 3 Nf3 sidelines and 3...Nf6 4 e3 Bg4} cxd5 7. Nc3 Nc6 8. f3 Rc8 9. Bg2 Bg6 $146 ({Predecessor:} 9... Bd7 10. O-O Qb6 11. Nxd7 Nxd7 12. Nxd5 Qxd4+ {0-1 (82) Korobov,A (2688)-Prohaszka,P (2596) Minsk 2017}) 10. Be3 e6 11. Nxg6 hxg6 12. O-O Be7 13. Bf2 O-O 14. Rc1 Na5 15. e4 Bb4 16. e5 Bxc3 17. bxc3 Ne8 {[%cal Bf6e8,Be8c7,Bc7b5,Bb5a3,Ba3c4][%mdl 32]} 18. h4 Nc7 19. f4 Nb5 20. Qd3 Rc4 21. a4 $36 {[%mdl 2048] Black is under pressure.} Na3 22. g4 Qd7 (22... b5 $11 {remains equal.}) 23. Be1 Nb3 (23... Qxa4 24. f5 $14) 24. Rd1 Rxa4 25. f5 Nc4 26. Rb1 {[%mdl 1024] White has strong compensation.} Nba5 {[#]} 27. f6 (27. h5 $1 $18) 27... Nc6 $2 ({Black should play} 27... Ra2 $1 $14) 28. Bg3 (28. Qh3 $18) 28... Rc8 $2 (28... Ra2 $16 {might work better.}) 29. h5 $18 N4xe5 30. Qd1 (30. dxe5 Rxg4 31. hxg6 Rxg6 $16) (30. Bxe5 Nxe5 31. Qh3 (31. dxe5 Rxg4 32. h6 gxh6 $11) 31... gxf6 $16) 30... Rc4 31. Bxe5 $2 (31. dxe5 $18 {is more deadly.} Rxc3 32. Bh2) 31... Nxe5 $16 32. dxe5 {aiming for hxg6.} gxh5 33. gxh5 {Black must now prevent Qf3.} Qc7 34. Qe2 Qc5+ 35. Rf2 b6 $2 {[%mdl 8192] [#]} (35... gxf6 $14 36. exf6 (36. Rxb7 f5 $14) 36... b6) 36. Qf3 $1 $18 (36. fxg7 Rxc3 37. Rbf1 Rg3 $16) 36... Rxc3 37. Qg4 {[%csl Gf6][%cal Rg4g7]} Qf8 38. Bf1 Kh8 39. Rg2 {[%cal Rf6g7]} gxf6 {[%cal Bg7f6,Bf6f5][%mdl 32]} 40. Qf4 $2 (40. exf6 $18 {Threatens to win with h6!} Qh6 41. Ba6) 40... f5 $1 $11 41. Qg5 {And now Qf6+ would win.} Kh7 42. Qf6 Rh3 {Hoping for ...Qc5+.} 43. Rbb2 (43. Rg5 $5 {[%cal Rf1h3]} Rh4 44. Bd3 $11) 43... Rcc3 ({But not} 43... Rxh5 $2 44. Rh2 $18) 44. Rbf2 a5 ({Wrong is} 44... Rxh5 $2 45. Rh2 $18) 45. Rxf5 {The position is equal.} exf5 46. Qxf5+ Kh8 47. Qf6+ Kh7 48. Qf5+ {Precision: White = 58%, Black = 50%.} 1/2-1/2

[Event "XIX Sants Open 2017"]
[Site "Cotxeres de Sants"]
[Date "2017.08.23"]
[Round "6"]
[White "Moroni, Luca Jr"]
[Black "Mascaro March, Pedro"]
[Result "1-0"]
[WhiteElo "2476"]
[BlackElo "2387"]
[Annotator "TA"]
[PlyCount "65"]
[EventDate "2017.??.??"]
[EventType "swiss"]
[EventCountry "ESP"]
[SourceTitle "playchess.com"]
[Source "ChessBase"]
[SourceQuality "1"]

{[%evp 22,65,78,75,64,66,64,29,65,62,81,57,73,66,70,70,98,70,93,69,65,76,81,60,87,66,75,47,89,92,95,81,105,96,112,116,111,114,115,107,104,105,218,223,224,224]} 1. d4 Nf6 2. Nf3 c5 3. c4 cxd4 4. Nxd4 b6 5. f3 Bb7 6. e4 d6 7. Nc3 g6 {A34: Symmetrical English: 2 Nc3, lines with ...d5} (7... e6 8. Be2 a6 9. O-O Be7 10. Be3 O-O 11. Qd2 Nbd7 12. Rac1 Rc8 13. Rfd1 Qc7 14. Kh1 Qb8 15. b4 Rfe8 16. Bf1 Bd8 17. Bg1 Kh8 18. Na4 Bc7 19. Rc2 h6 20. c5 b5 21. c6 bxa4 {1-0 (42) Bu,X (2697)-Jumabayev,R (2625) Chengdu 2017}) 8. Be3 Bg7 9. Be2 O-O 10. O-O Nbd7 11. Rc1 a6 12. Qd2 {LiveBook: 11 Games} Re8 13. Rfd1 e6 14. Nc2 Bf8 15. Bf4 $146 ({Predecessor:} 15. Bf1 Rc8 16. Qf2 Qc7 17. Kh1 Be7 18. Na1 {½-½ (28) Engqvist,T (2351)-Salmensuu,O (2458) Stockholm 2000}) 15... Ne5 16. Bg5 {And now f4 would win.} Ned7 17. b4 Qc7 18. a3 Be7 19. Nd4 Rac8 20. Bf1 Qb8 21. Nb3 Red8 22. Be3 {[%cal Bg5e3,Be3f2,Bf2g3][%mdl 32]} Ba8 23. Kh1 h5 24. Bf2 Re8 25. h3 Red8 26. Qe3 Re8 27. Qd4 Bc6 28. Bg3 Ne5 29. c5 bxc5 30. bxc5 dxc5 31. Nxc5 Nxf3 (31... Bxc5 $16 32. Qxc5 Ned7) 32. Qf2 $18 Bxc5 33. Qxf3 {Precision: White = 56%, Black = 44%.} 1-0

[Event "XIX Sants Open 2017"]
[Site "Cotxeres de Sants"]
[Date "2017.08.23"]
[Round "6"]
[White "Goh, Wei Ming Kevin"]
[Black "Agdestein, Simen"]
[Result "1/2-1/2"]
[WhiteElo "2446"]
[BlackElo "2604"]
[Annotator "TA"]
[PlyCount "121"]
[EventDate "2017.??.??"]
[EventType "swiss"]
[EventCountry "ESP"]
[SourceTitle "playchess.com"]
[Source "ChessBase"]
[SourceQuality "1"]

{[%evp 19,121,0,0,0,0,0,6,0,16,0,0,0,0,-9,0,0,0,0,0,0,0,-2,0,0,0,-12,-22,-11,0,-28,34,-52,-10,-13,-8,-6,0,0,0,0,0,0,0,0,0,0,0,0,0,0,0,0,0,0,0,0,0,0,0,0,0,0,0,0,0,0,0,0,0,0,0,0,0,0,0,0,0,-8,0,-1,0,0,0,0,0,0,0,0,0,0,0,0,0,0,0,0,0,0,0,0,0,0,0,-8]} 1. d4 d5 2. Bf4 Nf6 3. e3 e6 4. Nd2 Bd6 5. Bg3 O-O 6. Ngf3 c5 7. c3 Nc6 {[%cal Bb8c6,Bc6e7,Be7d5][%mdl 32]} 8. Bb5 {D02: 1 d4 d5 2 Nf3 sidelines, including 2...Nf6 3 g3 and 2...Nf6 3 Bf4} Ne7 (8... Bxg3 9. hxg3 Qb6 10. a4 h6 11. O-O Ne7 12. Qb3 Qc7 13. a5 Bd7 14. Be2 Ng6 15. Qa3 c4 {1-0 (38) Carlsen,M (2832)-Caruana,F (2808) Paris 2017}) 9. Bd3 c4 10. Bc2 b5 {[%cal Bb7b5,Bb5b4][%mdl 32] LiveBook: 3 Games} 11. e4 dxe4 12. Nxe4 Nxe4 13. Bxe4 Nd5 {[#]} (13... Rb8 $5) 14. a4 $146 ({Predecessor:} 14. O-O Bxg3 15. hxg3 Bb7 {1-0 (36) Yuffa,D (2515)-Lillo Castany,V (2382) Pontevedra 2017}) 14... b4 15. Qc2 h6 16. Nd2 Bxg3 (16... Be7 {looks sharper.} 17. h3 Bb7 18. a5 Rc8 19. O-O a6) 17. hxg3 Bb7 18. Nxc4 bxc3 19. bxc3 Rc8 20. Bxd5 Qxd5 21. Ne3 Qa5 22. Ra3 Rfd8 23. Qd2 e5 {[#] Threatens to win with ...exd4.} 24. Rh5 f6 ({Black should try} 24... Rc5 $11) 25. Qb2 ({White should play} 25. Rh4 $14) 25... Be4 {And now ...Bg6 would win.} 26. dxe5 {The position is equal.} Rd3 27. Kf1 Bg6 28. Rh4 Qxe5 29. Rd4 Rcxc3 30. Rxd3 Bxd3+ 31. Kg1 Rxa3 32. Qxa3 Qd4 33. a5 Kh7 34. Kh2 h5 35. Qe7 a6 36. Qe6 Qe5 37. Qd7 Be4 38. Qd2 h4 39. Nf1 Bg6 (39... Qb5 $5 {[%cal Rb5f1]} 40. Qd4 f5 $11) 40. Kg1 hxg3 41. Nxg3 Qa1+ 42. Kh2 Qa3 43. Qd5 Qd3 44. Qe6 Qb5 45. Qh3+ Kg8 46. Qe6+ Bf7 47. Qc8+ Be8 48. f4 Qc6 49. Qd8 Kh7 (49... Qe6 {with more complications.} 50. Qb6 Qc8 51. Qb1 Bf7 52. Qe4 Be6) 50. Qe7 Qd7 (50... Bg6 {feels hotter.} 51. f5 Be8 52. Ne4 Bd7 53. Nxf6+ Qxf6 54. Qxd7 Qh4+) 51. Qxd7 Bxd7 $11 {[%mdl 4096] Endgame KB-KN} 52. Ne4 Kg6 53. Kg3 Kf7 54. Kf2 Ke7 55. Ke3 Bc6 56. Nc5 Bxg2 57. Nxa6 Kd6 58. Kd4 g5 59. fxg5 fxg5 60. Nc5 g4 61. Ne4+ {Precision: White = 77%, Black = 67%.} 1/2-1/2